[Event "4th Open"]
[Site "Moscow RUS"]
[Date "2008.02.06"]
[Round "5"]
[White "Efimenko,Z"]
[Black "Glek,I"]
[Result "1-0"]
[WhiteElo "2638"]
[BlackElo "2546"]
[EventDate "2008.02.02"]

1. e4 e6 2. d4 d5 3. Nc3 Nf6 4. e5 Nfd7 5. f4 c5 6. Nf3 Nc6 7. Be3 Be7 8.
Be2 O-O 9. O-O f6 10. exf6 Nxf6 11. Kh1 Ng4 12. Bg1 Rxf4 13. dxc5 Rf8 14.
Qd2 Bd7 15. Rae1 Bf6 16. Nb5 Nge5 17. Nd6 b6 18. c4 Nxc4 19. Nxc4 dxc4 20.
Bxc4 bxc5 21. Bxc5 Re8 22. Rd1 Bc8 23. Qf4 Qa5 24. b4 Qa3 25. Ng5 Ba6 26.
Rf3 Bxg5 27. Qf7+ Kh8 28. Rxa3 Bxc4 29. Qh5 Red8 30. Rxd8+ Rxd8 31. Qxg5
1-0

[Event "4th Open"]
[Site "Moscow RUS"]
[Date "2008.02.06"]
[Round "5"]
[White "Novikov,St1"]
[Black "Kuzubov,Y"]
[Result "1/2-1/2"]
[WhiteElo "2545"]
[BlackElo "2606"]
[EventDate "2008.02.02"]

1. e4 c5 2. Nf3 Nc6 3. Bb5 e6 4. O-O Nge7 5. Re1 a6 6. Bf1 d5 7. a4 dxe4 8.
Rxe4 Nd5 9. Na3 Be7 10. Nc4 b6 11. d4 cxd4 12. Nxd4 Nxd4 13. Rxd4 Bf6 14.
Rd3 O-O 15. a5 bxa5 16. Bf4 Bd7 17. Ne5 Nxf4 18. Rxd7 Qc8 19. Nc4 Nd5 20.
Rxd5 exd5 21. Nb6 Qc5 22. Nd7 Qc7 1/2-1/2

[Event "4th Open"]
[Site "Moscow RUS"]
[Date "2008.02.06"]
[Round "5"]
[White "Yudin,S"]
[Black "Lastin,A"]
[Result "0-1"]
[WhiteElo "2519"]
[BlackElo "2604"]
[EventDate "2008.02.02"]

1. e4 e5 2. Nf3 Nc6 3. Bc4 Nf6 4. d3 Be7 5. O-O O-O 6. Re1 d6 7. a4 h6 8.
h3 Be6 9. Nc3 Re8 10. a5 a6 11. Nd5 Bf8 12. c3 Bxd5 13. exd5 Ne7 14. Qb3
Qd7 15. d4 exd4 16. Nxd4 Nf5 17. Bd2 Nxd4 18. cxd4 Ne4 19. Be3 Rab8 20. Qc2
Nf6 21. Ra3 c6 22. dxc6 Qxc6 23. Rc3 d5 24. Bd3 Qd7 25. Rc1 Bd6 26. Bf5 Qb5
27. Ra1 Red8 28. Rb3 Qe8 29. Bd2 Qf8 30. Rb6 Nd7 31. Rb3 Nf6 32. Ra4 g6 33.
Bd3 Rdc8 34. Qb1 Rc6 35. Ra1 Kg7 36. Qe1 Re8 37. Qf1 Qe7 38. Re1 Qc7 39.
Rxe8 Nxe8 40. Qe2 Nf6 41. Qf3 Ne4 42. Bxe4 Rc1+ 0-1

[Event "4th Open"]
[Site "Moscow RUS"]
[Date "2008.02.06"]
[Round "5"]
[White "Zherebukh,Y"]
[Black "Lysyj,I"]
[Result "1/2-1/2"]
[WhiteElo "2420"]
[BlackElo "2593"]
[EventDate "2008.02.02"]

1. e4 e6 2. d4 d5 3. Nc3 Nf6 4. Bg5 dxe4 5. Nxe4 Be7 6. Bxf6 Bxf6 7. Nf3
O-O 8. Qd2 b6 9. O-O-O Bb7 10. Bd3 Nd7 11. h4 c5 12. Nfg5 Be7 13. dxc5 Qc7
14. Nd6 Nf6 15. Nxb7 Qxb7 16. c6 Qxc6 17. Qe2 Rfd8 18. g3 Rac8 19. f4 h6
20. Nf3 Qa4 21. Kb1 Nd5 22. Be4 Nf6 23. Bd3 Nd5 24. Be4 Nf6 25. Bd3 Nd5 26.
Ne5 Qb4 27. Ka1 Qa4 28. Nf3 1/2-1/2

[Event "4th Open"]
[Site "Moscow RUS"]
[Date "2008.02.06"]
[Round "5"]
[White "Zvjaginsev,V"]
[Black "Vovk,Y"]
[Result "1-0"]
[WhiteElo "2677"]
[BlackElo "2561"]
[EventDate "2008.02.02"]

1. e4 c5 2. Nf3 Nc6 3. Bb5 e6 4. c3 Nge7 5. d4 cxd4 6. cxd4 d5 7. e5 Bd7 8.
Nc3 Nf5 9. O-O Bb4 10. Bd3 Qa5 11. Bd2 Nfxd4 12. Nxd4 Nxd4 13. Qg4 Nc6 14.
a3 Bxc3 15. Bxc3 Qc7 16. Qxg7 O-O-O 17. Rac1 Kb8 18. Bb4 Ka8 19. Bd6 Qb6
20. Qxf7 Qxb2 21. Rb1 Qc3 22. Bb5 Rhg8 23. Rfc1 Qh3 24. g3 Nd4 25. Bxd7 Rg7
26. Qf6 Rgxd7 27. Rc7 b6 28. Rxd7 Rxd7 29. Rd1 Qg4 1-0

[Event "4th Open"]
[Site "Moscow RUS"]
[Date "2008.02.08"]
[Round "7"]
[White "Riazantsev,A"]
[Black "Inarkiev,E"]
[Result "0-1"]
[WhiteElo "2628"]
[BlackElo "2681"]
[EventDate "2008.02.02"]

1. d4 Nf6 2. c4 g6 3. Nf3 Bg7 4. g3 O-O 5. Bg2 d6 6. O-O Nc6 7. Nc3 Rb8 8.
Re1 a6 9. Rb1 e5 10. d5 Ne7 11. e4 c6 12. a4 b5 13. axb5 axb5 14. dxc6 bxc4
15. Qa4 Qc7 16. Qxc4 Be6 17. Qd3 Nxc6 18. Bg5 Nb4 19. Qd2 Rfd8 20. Rec1 Qb7
21. Ne1 Na2 22. Nxa2 Bxa2 23. Ra1 Be6 24. Nd3 Re8 25. Re1 Nd7 26. Bh6 Nb6
27. Bxg7 Kxg7 28. Qb4 Nc4 29. Qxb7 Rxb7 30. b4 Nd2 31. Ra6 Rd7 32. Ra3 Nb3
33. Bh3 Bxh3 34. Rxb3 Rb7 35. f3 Bd7 36. Kf2 Ra8 37. Ke3 Kf8 38. Rc3 Ke7
39. Rec1 Raa7 40. R1c2 f6 41. Rc1 Ke6 42. R1c2 Bb5 43. Nc1 Ra4 44. Rb2 h5
45. Rbb3 Bf1 46. Kf2 Ba6 47. Rc6 Kd7 48. Rc2 Raxb4 49. Rxb4 Rxb4 50. Na2
Rb3 51. Nc1 Rb1 52. h4 Ke6 53. Ne2 Bd3 54. Rd2 Bxe2 55. Rxe2 g5 56. hxg5
fxg5 57. Ra2 g4 58. fxg4 hxg4 59. Rc2 Rb4 60. Re2 Kd7 61. Ke3 Rb3+ 62. Kf2
Rf3+ 63. Kg2 Rc3 64. Ra2 Rc4 65. Re2 Kc6 66. Kf2 Kc5 67. Ke3 Rc3+ 68. Kf2
Rf3+ 69. Kg2 Kd4 70. Rd2+ Rd3 71. Re2 Kc3 72. Re1 Kd2 73. Ra1 Ke2 74. Rb1
0-1

[Event "4th Open"]
[Site "Moscow RUS"]
[Date "2008.02.09"]
[Round "8"]
[White "Inarkiev,E"]
[Black "Popov,Iv RUS"]
[Result "1-0"]
[WhiteElo "2681"]
[BlackElo "2595"]
[EventDate "2008.02.02"]

1. d4 d5 2. Nf3 Nf6 3. c4 c6 4. Nc3 a6 5. c5 Bf5 6. Bf4 Nbd7 7. e3 e6 8.
Nd2 Be7 9. Be2 Bg6 10. b4 Qc8 11. a4 b6 12. Rc1 a5 13. cxb6 Bxb4 14. Na2
Bxd2+ 15. Qxd2 Qb7 16. Qc3 Nxb6 17. Qxc6+ Qxc6 18. Rxc6 Nc4 19. Bxc4 dxc4
20. Rxc4 Nd5 21. Bg3 O-O 22. Rc5 Nb4 23. Nc1 Rfc8 24. Kd2 Na6 25. Rxc8+
Rxc8 26. Nd3 Rc4 27. Ra1 f6 28. Bd6 Rc6 29. Be7 Rc8 30. Rb1 Rc4 31. Bd6
Rxa4 32. Rb6 Bxd3 33. Kxd3 Nb4+ 34. Ke4 Ra2 35. Bxb4 axb4 36. Kf3 Kf7 37.
Rb7+ Kg6 38. Rxb4 f5 39. Rb6 Kf7 40. h3 Rd2 41. g4 g5 42. Rb7+ 1-0

[Event "4th Open"]
[Site "Moscow RUS"]
[Date "2008.02.09"]
[Round "8"]
[White "Motylev,A"]
[Black "Timofeev,Arty"]
[Result "1/2-1/2"]
[WhiteElo "2644"]
[BlackElo "2664"]
[EventDate "2008.02.02"]

1. e4 c5 2. Nf3 e6 3. d4 cxd4 4. Nxd4 Nc6 5. Nc3 Qc7 6. Be3 Nf6 7. f4 Bb4
8. Ndb5 Qa5 9. e5 Nd5 10. Bd2 Nxc3 11. Nxc3 d5 12. exd6 Bxd6 13. Ne4 Bb4
14. a3 Bxd2+ 15. Qxd2 Qxd2+ 16. Kxd2 O-O 17. c4 e5 18. fxe5 Nxe5 19. Kc3
Rd8 20. Be2 Bf5 21. Ng3 Be6 22. a4 f5 23. Rae1 Rac8 24. b3 a5 25. Rhf1 g6
26. Rf4 Bd5 27. Bf1 Ng4 28. Nxf5 gxf5 29. Rxf5 Kh8 30. Rf4 Nh6 31. g4 Ng8
32. Bd3 Bc6 33. Re5 b6 34. Re6 Kg7 35. g5 Re8 36. Rd6 Red8 37. Re6 Re8 38.
Rd6 Red8 39. Re6 Re8 40. Rd6 Red8 41. Re6 Re8 1/2-1/2

[Event "4th Open"]
[Site "Moscow RUS"]
[Date "2008.02.09"]
[Round "8"]
[White "Jobava,Ba"]
[Black "Volkov,Sergey1"]
[Result "1/2-1/2"]
[WhiteElo "2643"]
[BlackElo "2623"]
[EventDate "2008.02.02"]

1. c4 Nf6 2. Nc3 e5 3. Nf3 Nc6 4. g3 Bb4 5. Bg2 O-O 6. O-O Bxc3 7. bxc3 Re8
8. Ne1 e4 9. f3 e3 10. d3 d5 11. cxd5 Nxd5 12. Qb3 Be6 13. Kh1 Qf6 14. Bb2
Nde7 15. c4 Qh6 16. Nc2 Bh3 17. Bxh3 Qxh3 18. Rg1 Rad8 19. g4 Qh6 20. Qc3
f6 21. f4 Qg6 22. g5 f5 23. d4 b6 24. d5 Na5 25. Nxe3 Nb7 26. Ng2 Nd6 27.
Nh4 Qf7 28. Nf3 Ne4 29. Qe1 Qh5 30. Nd4 Rd7 31. Rd1 Ng6 32. Bc1 b5 33. Nxb5
Nf2+ 34. Qxf2 Rxe2 35. Qg3 Rxh2+ 1/2-1/2

[Event "4th Open"]
[Site "Moscow RUS"]
[Date "2008.02.09"]
[Round "8"]
[White "Shomoev,A"]
[Black "Tregubov,P"]
[Result "0-1"]
[WhiteElo "2562"]
[BlackElo "2636"]
[EventDate "2008.02.02"]

1. e4 c5 2. Nf3 Nc6 3. d4 cxd4 4. Nxd4 Nf6 5. Nc3 e5 6. Ndb5 d6 7. Bg5 a6
8. Na3 b5 9. Bxf6 gxf6 10. Nd5 f5 11. Bd3 Be6 12. O-O Bxd5 13. exd5 Ne7 14.
c4 Bg7 15. Rb1 bxc4 16. Nxc4 O-O 17. Re1 f4 18. b4 f5 19. Bf1 e4 20. f3 e3
21. a4 Rb8 22. Qd3 Ng6 23. Na5 Qh4 24. Nc6 Ne5 25. Qxa6 Rf6 26. Qe2 Rh6 27.
h3 Rf8 28. Rec1 Kh8 29. Kh1 Rg8 30. Qe1 Qg5 31. Be2 Nd7 32. Rc2 Nf6 33. Ne7
Rf8 34. b5 Ne4 35. fxe4 fxe4 36. Rc8 Rxc8 37. Nxc8 f3 38. Qg1 Be5 39. Nxd6
Bxd6 40. Rc1 Qg3 41. Rc8+ Kg7 42. Qa1+ Kf7 0-1

[Event "4th Open"]
[Site "Moscow RUS"]
[Date "2008.02.09"]
[Round "8"]
[White "Glek,I"]
[Black "Najer,E"]
[Result "1-0"]
[WhiteElo "2546"]
[BlackElo "2634"]
[EventDate "2008.02.02"]

1. e4 e5 2. Bc4 Nf6 3. d3 c6 4. Nf3 d5 5. Bb3 a5 6. a4 Bb4+ 7. c3 Bd6 8.
Bg5 Be6 9. Nbd2 h6 10. Bh4 Nbd7 11. d4 exd4 12. exd5 cxd5 13. Nxd4 O-O 14.
O-O Re8 15. Re1 Qc7 16. Bg3 Bxg3 17. hxg3 Nc5 18. Nf1 Bg4 19. f3 Bd7 20.
Bc2 Qb6 21. Rxe8+ Rxe8 22. Qd2 Kf8 23. b3 Ne6 24. Re1 Rc8 25. Re3 Nxd4 26.
cxd4 Qb4 27. Qxb4+ axb4 28. Bd3 Rc3 29. Be2 Bf5 30. Kf2 Bc2 31. Nd2 Ne8 32.
f4 f5 33. Re5 Nf6 34. Re6 Bxb3 35. Rb6 Bxa4 36. Rxb7 b3 37. Rb4 Rc2 38. Ke3
b2 39. Bd3 Ng4+ 40. Ke2 Rc1 41. Rxa4 Rg1 42. Bxf5 Nf6 43. Kf2 Rd1 44. Ke2
Rg1 45. Rb4 Rxg2+ 46. Ke1 Rxg3 47. Kf2 Ra3 48. Rxb2 g5 49. Rb6 Nh5 50. fxg5
hxg5 51. Nf3 Ra2+ 52. Ke1 Ng3 53. Nxg5 Re2+ 54. Kd1 Rg2 55. Rf6+ Ke8 56.
Bg6+ Kd8 57. Rd6+ Ke7 58. Rxd5 Nf1 59. Ke1 Ng3 60. Bd3 1-0

[Event "4th Open"]
[Site "Moscow RUS"]
[Date "2008.02.10"]
[Round "9"]
[White "Timofeev,Arty"]
[Black "Inarkiev,E"]
[Result "1-0"]
[WhiteElo "2664"]
[BlackElo "2681"]
[EventDate "2008.02.02"]

1. e4 e5 2. Nf3 Nc6 3. Bb5 a6 4. Ba4 Nf6 5. O-O Be7 6. Re1 b5 7. Bb3 O-O 8.
h3 Bb7 9. d3 d6 10. c3 Na5 11. Bc2 c5 12. Nbd2 Re8 13. Nf1 Bf8 14. Bg5 h6
15. Bh4 Be7 16. Ne3 g6 17. Nh2 Nc6 18. Bb3 Nh7 19. Bxe7 Nxe7 20. Neg4 Kg7
21. Qd2 Ng8 22. Ne3 Ngf6 23. Rad1 h5 24. Nf3 Bc8 25. Nf1 Ra7 26. Bc2 d5 27.
exd5 Qxd5 28. Bb3 Qd6 29. d4 exd4 30. Rxe8 Nxe8 31. cxd4 c4 32. Bc2 Nhf6
33. Ne5 Re7 34. Qg5 Nh7 35. Qg3 Qf6 36. Ne3 h4 37. Qh2 Qd6 38. Qf4 Qf6 39.
Qh2 Qd6 40. b3 c3 41. Qf4 Qf6 42. Qe4 Bb7 43. Qd3 b4 44. N3g4 Qf4 45. Qc4
Nhf6 46. Qxb4 Nxg4 47. Nxg4 Rc7 48. Qa5 Nf6 49. Nxf6 Kxf6 50. d5 Qe5 51.
Qb6+ Kg7 52. Qd4 Qxd4 53. Rxd4 Kf6 54. d6 Rd7 55. Rc4 Rxd6 56. Rxc3 Rd2 57.
Kf1 Rd7 58. Rc4 Kg5 59. Rg4+ Kh5 60. a4 f5 61. Rc4 Bd5 62. Rc3 Kg5 63. g3
hxg3 64. fxg3 Bf7 65. Ke2 Rb7 66. Kd2 Bd5 67. Bd1 Rb4 68. Rc5 Bxb3 69. Kc3
Bxa4 70. h4+ Kh6 71. Kxb4 Bxd1 72. Kc3 Bf3 73. Kd2 Kh5 74. Ke3 Kg4 75. Kf2
Be4 76. Rc4 g5 77. hxg5 Kxg5 78. Rc7 Kf6 79. Ra7 Bd3 80. Ke3 Bf1 81. Kf4
Ke6 82. Ra8 Bb5 83. Rb8 Bd3 84. Rb3 Bc4 85. Re3+ Kd6 86. Kxf5 Kc5 87. Re8
a5 88. Ra8 Kb4 89. Ke5 a4 90. Kd4 Be2 91. Ke3 Bb5 92. Kd2 a3 93. Kc2 Bd7
94. Kb1 Be6 95. Re8 Bd7 96. Re4+ Kc5 97. Ka2 Kd5 98. Re3 Kd4 99. Re7 Bf5
100. Kxa3 Kd5 101. Kb4 Be6 102. Kc3 Ke5 103. Kd3 Kf6 104. Ra7 Kg5 105. Ke3
Kf5 106. Kf3 Bd5+ 107. Kf2 Be6 108. Ra5+ Kg4 109. Rc5 Bb3 110. Re5 Bg8 111.
Re4+ Kg5 112. g4 Kh4 113. Ke3 Kg5 114. Rd4 Be6 115. Kf3 Kh4 116. Kf4 Bxg4
117. Rd8 1-0

[Event "4th Open"]
[Site "Moscow RUS"]
[Date "2008.02.10"]
[Round "9"]
[White "Moiseenko,A1"]
[Black "Kuzubov,Y"]
[Result "1-0"]
[WhiteElo "2643"]
[BlackElo "2606"]
[EventDate "2008.02.02"]

1. d4 d5 2. c4 dxc4 3. e3 Nf6 4. Bxc4 e6 5. Nf3 a6 6. O-O c5 7. Bb3 b5 8.
a4 b4 9. e4 Bb7 10. e5 Ne4 11. Nbd2 Nxd2 12. Bxd2 cxd4 13. Ng5 Be7 14. Qh5
Bxg5 15. Bxg5 Qd7 16. f4 O-O 17. Rae1 d3 18. f5 Qd4+ 19. Rf2 Nd7 20. f6
gxf6 21. exf6 Kh8 22. Be3 Qe4 23. Bd2 Qd4 24. Be3 Qe4 25. Bd1 Nxf6 26. Qc5
Rg8 27. Bf3 Rxg2+ 28. Bxg2 Rg8 29. Bg5 Qxe1+ 30. Rf1 Qxf1+ 31. Kxf1 Bxg2+
32. Ke1 d2+ 33. Bxd2 Bd5 34. Bxb4 Ne4 35. Qa7 Rg2 36. Qxf7 h6 37. Ba5 Rxh2
38. Bc7 Rh1+ 39. Ke2 Bc4+ 40. Ke3 Re1+ 41. Kd4 1-0

[Event "4th Open"]
[Site "Moscow RUS"]
[Date "2008.02.10"]
[Round "9"]
[White "Tregubov,P"]
[Black "Kurnosov,I"]
[Result "0-1"]
[WhiteElo "2636"]
[BlackElo "2577"]
[EventDate "2008.02.02"]

1. d4 Nf6 2. c4 g6 3. Nc3 d5 4. Nf3 Bg7 5. e3 O-O 6. cxd5 Nxd5 7. Bc4 Nb6
8. Bb3 c5 9. O-O cxd4 10. exd4 Nc6 11. d5 Na5 12. Re1 Bg4 13. Bg5 Re8 14.
d6 Qxd6 15. Bxf7+ Kxf7 16. Rxe7+ Qxe7 17. Bxe7 Kxe7 18. Nb5 Kf8 19. Qd6+
Kg8 20. Nc7 Red8 21. Qb4 Rac8 22. Qxg4 Rxc7 23. Qe6+ Kh8 24. Ng5 Rf8 25.
Rd1 h6 26. Qh3 Re7 27. f4 Nac4 28. Ne6 Rfe8 29. Nxg7 Kxg7 30. Qc3+ Kf7 31.
h3 Re2 32. f5 gxf5 33. Qf3 Re1+ 34. Rxe1 Rxe1+ 35. Kh2 Nd6 36. g4 Re5 37.
Qf4 Re2+ 38. Kg1 Re6 39. gxf5 Rf6 40. Qc1 Nd7 41. Qd1 a6 42. a4 Ke7 43.
Qe1+ Kf7 44. Qd1 Nb8 45. b4 Nc6 46. b5 axb5 47. axb5 Ne7 48. Qb3+ Kf8 49.
Qc3 Ne8 50. Qa3 b6 51. Kg2 Rxf5 52. Qa6 Rf6 53. Qb7 Kf7 54. Kh2 Ng7 55. Qc7
Ngf5 56. Qc4+ Kg7 57. Qc7 h5 58. h4 Rg6 59. Qc3+ Kf7 60. Qh8 Rh6 61. Qc3
Kf8 62. Kh3 Kg8 63. Qb3+ Kg7 64. Qf3 Rh8 65. Qc3+ Kg8 66. Qb3+ Kf8 67. Qf3
Rh6 68. Qd1 Ng7 69. Qf3+ Kg8 70. Qa8+ Kf7 71. Qf3+ Rf6 72. Qd1 Rf5 73. Qd7
Ne6 74. Kg2 Rd5 75. Qb7 Rxb5 76. Kf2 Rf5+ 77. Kg3 b5 78. Qb8 Nc5 79. Kh3
Nd3 80. Qd6 Rd5 0-1

[Event "4th Open"]
[Site "Moscow RUS"]
[Date "2008.02.10"]
[Round "9"]
[White "Riazantsev,A"]
[Black "Glek,I"]
[Result "1-0"]
[WhiteElo "2628"]
[BlackElo "2546"]
[EventDate "2008.02.02"]

1. d4 Nf6 2. c4 g6 3. Nf3 Bg7 4. g3 O-O 5. Bg2 d6 6. O-O c6 7. Nc3 Bf5 8.
b3 Ne4 9. Bb2 Nxc3 10. Bxc3 Be4 11. e3 d5 12. Bh3 Bxf3 13. Qxf3 e6 14. Rfd1
f5 15. Bf1 Nd7 16. a4 Nf6 17. b4 Ne4 18. Be1 Qf6 19. b5 g5 20. a5 a6 21.
bxc6 bxc6 22. Bd3 g4 23. Qg2 Ng5 24. Be2 Rfb8 25. Rab1 Rxb1 26. Rxb1 Qg6
27. Rb6 Qe8 28. Bb4 Bf8 29. Bxf8 Kxf8 30. Qf1 Kg7 31. Qb1 Kf6 32. Qb4 dxc4
33. Qxc4 Rb8 34. Qb4 Rc8 35. Rxa6 Qd7 36. Bc4 Nf3+ 37. Kg2 Re8 38. Rb6 Qf7
39. h4 gxh3+ 40. Kh1 Qh5 41. Be2 Qg4 42. Qb1 Qe4 43. Qxe4 fxe4 44. Bxf3
exf3 45. Kh2 Kf5 46. a6 Ke4 47. Rxc6 Kd3 48. a7 Ra8 49. Ra6 Ke2 50. Ra2+
Kf1 51. Kxh3 1-0

[Event "4th Open"]
[Site "Moscow RUS"]
[Date "2008.02.10"]
[Round "9"]
[White "Kobalia,M"]
[Black "Zabotin,A"]
[Result "1/2-1/2"]
[WhiteElo "2623"]
[BlackElo "2495"]
[EventDate "2008.02.02"]

1. e4 c5 2. Nf3 Nc6 3. d4 cxd4 4. Nxd4 Nf6 5. Nc3 d6 6. Bg5 e6 7. Qd2 a6 8.
O-O-O h6 9. Nxc6 bxc6 10. Bf4 d5 11. Qe3 Be7 12. Be2 O-O 13. h4 Re8 14. g4
Nd7 15. Qg3 e5 16. Bd2 Nc5 17. g5 d4 18. gxh6 Bf6 19. hxg7 dxc3 20. Bxc3
Qe7 21. Qe3 Kh7 22. Rdg1 Ne6 23. Rg5 Nf4 24. Bd3 Kg8 25. Rg3 a5 26. Kb1 Kh7
27. Rg5 Ne6 28. Kc1 1/2-1/2

[Event "4th Open"]
[Site "Moscow RUS"]
[Date "2008.02.10"]
[Round "9"]
[White "Areshchenko,A"]
[Black "Svetushkin,D"]
[Result "1-0"]
[WhiteElo "2645"]
[BlackElo "2565"]
[EventDate "2008.02.02"]

1. e4 e5 2. Nf3 Nc6 3. Bc4 Bc5 4. c3 Nf6 5. d3 a6 6. Bb3 Ba7 7. Nbd2 O-O 8.
O-O d6 9. h3 Be6 10. Bc2 h6 11. Re1 Re8 12. Nf1 d5 13. exd5 Nxd5 14. Ng3
Qd6 15. Nd2 Qd7 16. Nc4 f6 17. Qf3 Rad8 18. a4 a5 19. Bd2 Ndb4 20. cxb4 Nd4
21. Qd1 Bxc4 22. Be3 Bd5 23. bxa5 Kh8 24. Rc1 c5 25. Bxd4 cxd4 26. Bb3 Bc6
27. Qh5 Rf8 28. Nf5 Kh7 29. Bd1 Bb8 30. b4 Bxa4 31. Bf3 Qf7 32. Qh4 Bd7 33.
g4 Be6 34. Be4 Kg8 35. Qg3 Bd6 36. Rb1 Bd5 37. Qf3 Bxe4 38. Qxe4 Rfe8 39.
Rec1 Bf8 40. b5 Bb4 41. Rxb4 1-0